The urban roots of democracy and political violence in Zimbabwe : (Record no. 2714)
[ view plain ]
| 000 -LEADER | |
|---|---|
| fixed length control field | 02232cam a2200409 a 4500 |
| 001 - CONTROL NUMBER | |
| control field | 15213307 |
| 005 - DATE AND TIME OF LATEST TRANSACTION | |
| control field | 20170601105456.0 |
| 008 - FIXED-LENGTH DATA ELEMENTS--GENERAL INFORMATION | |
| fixed length control field | 080310s2008 nyuab b 001 0 eng |
| 010 ## - LIBRARY OF CONGRESS CONTROL NUMBER | |
| LC control number | 2008010459 |
| 015 ## - NATIONAL BIBLIOGRAPHY NUMBER | |
| National bibliography number | GBA883431 |
| Source | bnb |
| 016 7# - NATIONAL BIBLIOGRAPHIC AGENCY CONTROL NUMBER | |
| Record control number | 014657121 |
| Source | Uk |
| 020 ## - INTERNATIONAL STANDARD BOOK NUMBER | |
| International Standard Book Number | 9781580462815 (alk. paper) |
| 020 ## - INTERNATIONAL STANDARD BOOK NUMBER | |
| International Standard Book Number | 1580462812 (alk. paper) |
| 035 ## - SYSTEM CONTROL NUMBER | |
| System control number | (OCoLC)ocn182738041 |
| 035 ## - SYSTEM CONTROL NUMBER | |
| System control number | (OCoLC)182738041 |
| 040 ## - CATALOGING SOURCE | |
| Original cataloging agency | DLC |
| Transcribing agency | DLC |
| Modifying agency | DLC |
| 043 ## - GEOGRAPHIC AREA CODE | |
| Geographic area code | f-rh--- |
| 050 00 - LIBRARY OF CONGRESS CALL NUMBER | |
| Classification number | DT2972 |
| Item number | .S28 2008 |
| 082 00 - DEWEY DECIMAL CLASSIFICATION NUMBER | |
| Classification number | 968.9103 |
| Edition number | 22 |
| 100 1# - MAIN ENTRY--PERSONAL NAME | |
| Personal name | Scarnecchia, Timothy. |
| 9 (RLIN) | 31864 |
| 245 14 - TITLE STATEMENT | |
| Title | The urban roots of democracy and political violence in Zimbabwe : |
| Remainder of title | Harare and Highfield, 1940-1964 / |
| Statement of responsibility, etc | Timothy Scarnecchia. |
| 260 ## - PUBLICATION, DISTRIBUTION, ETC. (IMPRINT) | |
| Place of publication, distribution, etc | Rochester, NY : |
| Name of publisher, distributor, etc | University of Rochester Press, |
| Date of publication, distribution, etc | 2008. |
| 300 ## - PHYSICAL DESCRIPTION | |
| Extent | xiii, 220 p. : |
| Other physical details | ill., maps ; |
| Dimensions | 24 cm. |
| 440 #0 - SERIES STATEMENT/ADDED ENTRY--TITLE | |
| Title | Rochester studies in African history and the diaspora, |
| International Standard Serial Number | 1092-5228 |
| 9 (RLIN) | 31865 |
| 504 ## - BIBLIOGRAPHY, ETC. NOTE | |
| Bibliography, etc | Includes bibliographical references (p. [203]-209) and index. |
| 505 0# - FORMATTED CONTENTS NOTE | |
| Formatted contents note | Charles Mzingeli's leadership and imperial working-class citizenship -- Township protest politics -- Resistance to the Urban Areas Act and women's political influence -- Changing tactics : youth league politics and the end of accommodation -- The early sixties : violent protests and "sellout" politics -- The "imperialist stooge" and new levels of "sellout" political violence -- The ZAPU-ZANU split and the battlegrounds of Harare and Highfield. |
| 600 10 - SUBJECT ADDED ENTRY--PERSONAL NAME | |
| Personal name | Mzingeli, Charles. |
| 9 (RLIN) | 31866 |
| 650 #0 - SUBJECT ADDED ENTRY--TOPICAL TERM | |
| Topical term or geographic name as entry element | Democracy |
| Geographic subdivision | Zimbabwe |
| General subdivision | History. |
| 9 (RLIN) | 31867 |
| 650 #0 - SUBJECT ADDED ENTRY--TOPICAL TERM | |
| Topical term or geographic name as entry element | Political violence |
| Geographic subdivision | Zimbabwe |
| General subdivision | History. |
| 9 (RLIN) | 5824 |
| 650 #0 - SUBJECT ADDED ENTRY--TOPICAL TERM | |
| Topical term or geographic name as entry element | Political culture |
| Geographic subdivision | Zimbabwe |
| General subdivision | History. |
| 9 (RLIN) | 31868 |
| 651 #0 - SUBJECT ADDED ENTRY--GEOGRAPHIC NAME | |
| Geographic name | Zimbabwe |
| General subdivision | Politics and government |
| Chronological subdivision | 1890-1965. |
| 9 (RLIN) | 5276 |
| 651 #0 - SUBJECT ADDED ENTRY--GEOGRAPHIC NAME | |
| Geographic name | Harare (Zimbabwe) |
| General subdivision | Politics and government. |
| 9 (RLIN) | 937 |
| 651 #0 - SUBJECT ADDED ENTRY--GEOGRAPHIC NAME | |
| Geographic name | Highfield (Zimbabwe) |
| General subdivision | Politics and government. |
| 9 (RLIN) | 31869 |
| 906 ## - LOCAL DATA ELEMENT F, LDF (RLIN) | |
| a | 7 |
| b | cbc |
| c | orignew |
| d | 1 |
| e | ecip |
| f | 20 |
| g | y-gencatlg |
| 942 ## - ADDED ENTRY ELEMENTS (KOHA) | |
| Source of classification or shelving scheme | Library of Congress Classification |
| Item type | Monograph ( Printed materials) |
| Withdrawn status | Lost status | Source of classification or shelving scheme | Damaged status | Not for loan | Collection code | Home library | Current library | Shelving location | Date acquired | Total Checkouts | Full call number | Barcode | Date last seen | Date last borrowed | Copy number | Price effective from | Koha item type |
|---|---|---|---|---|---|---|---|---|---|---|---|---|---|---|---|---|---|
| Library of Congress Classification | Main Collection | ARRUPE LIBRARY | ARRUPE LIBRARY | 27/02/2013 | 2 | DT2972.S28 | 46403665 | 28/01/2019 | 14/01/2019 | 1 | 27/02/2013 | Monograph ( Printed materials) |